| 000 | 00505nam a2200145 4500 | ||
|---|---|---|---|
| 020 | _a0669168025 | ||
| 040 | _cNUST | ||
| 082 | _a510,KRA | ||
| 100 |
_aKraus, Ann R _9113353 |
||
| 245 |
_aFinite Mathematics: _b Instructor's Guide / _cAnn R. Kraus |
||
| 260 |
_aAmerica _bD.C. Heat and Company _c1991 |
||
| 300 | _a176 p.; | ||
| 505 | _aSummaries (Page-1), Answers to Even Numbered Exercises (Page-10), Bank of Chapter Tests (Page-87), Answer Keys to Chapter Tests (Page-166). | ||
| 942 |
_2ddc _cBK _k510,KRA |
||
| 999 |
_c595101 _d595101 |
||